Score 0/20 Timer 06:00
1 Play Today
% Correct
The Office
96.5%
Sherlock
86.7%
Dexter
82.4%
Glee
74.2%
How I Met Your Mother
71.7%
I Love Lucy
64.3%
Law & Order: Special Victims Unit
58.1%
Vikings
49.2%
30 Rock
48%
Lost
44.4%
% Correct
Hannibal
39.5%
Luther
37.4%
Agents of S.H.I.E.L.D.
30.8%
Friday Night Lights
28.9%
Outlander
26.4%
American Horror Story: Murder House
22.6%
Merlin
20.1%
Once Upon a Time
14.1%
V
12.9%
The Flash
12.5%
Remove Ads.
Support Sporcle.
Get the best of Sporcle when you Go Orange. This ad-free experience offers more features, more stats, and more fun while also helping to support Sporcle. Thank you for becoming a member.

You're not logged in!

Compare scores with friends on all Sporcle quizzes.
OR
Log In

Show Comments

Extras

Top Quizzes Today


Score Distribution

Your Account Isn't Verified!

In order to create a playlist on Sporcle, you need to verify the email address you used during registration. Go to your Sporcle Settings to finish the process.

Report this User

Report this user for behavior that violates our Community Guidelines.

Details: